000 01002cam a2200289 i 4500
001 bg
003 KOSZ 005
005 20200408130907.0
008 970625s1994 pl a f f |001 0 pol
015 _aPB 1994/10991
020 _a8301014601
040 _aWA N
_cKOSZ 005/HR
_dKOSZ 005/HR
080 _a517
080 _a(075.8+076)
100 1 _aKrysicki, Włodzimierz
_d(1905-2001)
_eAutor
245 1 0 _aAnaliza matematyczna w zadaniach.
_nCz. 1 /
_cWłodzimierz Krysicki, Lech Włodarski.
250 _aWyd. 20.
260 _aWarszawa :
_bWydaw. Naukowe PWN,
_c1994.
300 _a510, [2] s. :
_brys., wykr. ;
_c24 cm.
504 _aIndeks.
655 4 _aĆwiczenia i zadania dla szkół wyższych
650 4 _aAnaliza matematyczna
710 2 _aWydawnictwo Naukowe PWN
_4pbl.
700 1 _aWłodarski, Lech
_d(1916-1997)
_eAutor
856 _uhttp://koha.tu.koszalin.pl/cgi-bin/koha/opac-detail.pl?biblionumber=7026
_yKatalog online BPK
942 _2UKD
_cKS
999 _c7026
_d7026